Mujer de frontera : defender el derecho a la vida no es un delito /

Shranjeno v:
Bibliografske podrobnosti
Glavni avtor: Maleno Garzón, Helena (autor)
Format: Knjiga
Jezik:španščina
Izdano: Barcelona, España : Península, 2024, c2020
Serija:(Península/Realidad)
Teme:
Oznake: Označite
Brez oznak, prvi označite!

MARC

LEADER 00000nam^a2200000^a^4500
001 000627542
005 20260204000000.0
009 20260310134056.518
020 |a 978-84-9942-905-2 
037 |a Acervo ITESO - Biblioteca 
041 |a ESP 
082 |a 323. 0946  |b MAL 
100 |a Maleno Garzón, Helena  |e (autor) 
245 1 0 |a Mujer de frontera :  |b defender el derecho a la vida no es un delito /  |c H. Maleno Garzón. 
264 4 |a Barcelona, España :  |b Península,  |c 2024, c2020 
300 |a 222 p. 
336 |a texto  |b txt  |2 rdacontenido 
337 |a sin mediación  |b n  |2 rdamedio 
338 |a volumen  |b nc  |2 rdasoporte 
440 1 |a (Península/Realidad) 
521 |a FIL 2025 DIA 
649 |a XX 
650 |a Marroquíes en España -  |x Condiciones Sociales y Culturales 
650 |a Marroquíes en España -  |x Condiciones Políticas 
650 |a Extranjeros en España -  |x Condiciones Sociales y Culturales 
650 |a Inmigración -  |z España 
650 |a Emigración -  |z Marruecos 
650 |a Migración 
650 |a Fronteras Geopolíticas 
650 |a Derechos Humanos -  |z España 
650 |a Derechos Humanos -  |z Africa 
650 |a Derechos Humanos -  |z Europa 
910 |a Fondo General 
920 |a Impresos - Libros 
930 |a Colección General 
905 |a 101 
901 |a 627542-10  |b IT1  |c ACC  |i C191827  |u 20260204 
902 |a https://opac.biblio.iteso.mx/vufind/Record/000627542